|
|
|
|
| LEADER |
00000nam a2200000Ii 4500 |
| 001 |
DIGDEU0227 |
| 003 |
NyNyDIG |
| 006 |
m o d |
| 007 |
cr ||||||||||| |
| 008 |
241203s2021 sp o 000 0 spa d |
| 035 |
|
|
|a (OCoLC)1475657956
|
| 040 |
|
|
|a DGITA
|b eng
|e rda
|e pn
|c DGITA
|
| 020 |
|
|
|z 9788413251394
|
| 043 |
|
|
|a n-cn---
|
| 050 |
1 |
4 |
|a KE7709 ebook
|
| 100 |
1 |
|
|a Reguart Segarra, Núria,
|e author.
|
| 245 |
1 |
4 |
|a Los pueblos indígenas de Canadá y la defensa de sus territorios sagrados :
|b análisis sociológico y jurisprudencial /
|c Núria Reguart Segarra.
|
| 264 |
|
1 |
|a Bilbao :
|b Publicaciones de la Universidad de Deusto,
|c [2021]
|
| 300 |
|
|
|a 1 online resource.
|
| 336 |
|
|
|a text
|b txt
|2 rdacontent
|
| 337 |
|
|
|a computer
|b c
|2 rdamedia
|
| 338 |
|
|
|a online resource
|b cr
|2 rdacarrier
|
| 347 |
|
|
|a text file
|2 rdaft
|
| 347 |
|
|
|b PDF
|
| 500 |
|
|
|a "DeustoDigital, Instituto de Derechos Humanos, Pedro Arrupe, Giza Eskubideen Institutua"--Cover.
|
| 490 |
1 |
|
|a Cuadernos Deusto de derechos humanos ;
|v núm. 98
|
| 588 |
0 |
|
|a Online resource; title from PDF title page (Digitalia, viewed December 3, 2024)
|
| 650 |
|
0 |
|a Indians of North America
|z Canada
|x Constitutional law.
|
| 650 |
|
0 |
|a Indians of North America
|x Legal status, laws, etc.
|z Canada.
|
| 650 |
|
0 |
|a Indians of North America
|z Canada
|x Ethnic identity.
|
| 650 |
|
0 |
|a Indians of North America
|z Canada
|x Religion.
|
| 650 |
|
0 |
|a Indians of North America
|z Canada
|x Land tenure.
|
| 791 |
2 |
|
|a Digitalia (Firm),
|e distributor.
|
| 793 |
0 |
|
|g Digitalia eBook Collection:
|a Universidad de Deusto
|
| 776 |
0 |
8 |
|i Print version:
|a Reguart Segarra, Núria.
|t Pueblos indígenas de Canadá y la defensa de sus territorios sagrados.
|d Bilbao : Publicaciones de la Universidad de Deusto, 2021
|z 9788413251394
|
| 830 |
|
0 |
|a Cuadernos Deusto de derechos humanos ;
|v núm. 98.
|
| 856 |
4 |
0 |
|3 Digitalia Hispánica
|u https://www.digitaliapublishing.com/a/163564/
|
| 910 |
|
|
|a Premium collection: 2024
|